| 000 | 00417nam a2200133Ia 4500 | ||
|---|---|---|---|
| 008 | 200626s9999 xx 000 0 und d | ||
| 020 | _a978-007-126773-1 | ||
| 100 | _aLewicki, Roy J. | ||
| 245 |
_cRoy J. Lewicki, David M. Saunders, Bruce Barry.-- _aEssentials of negotiation/ |
||
| 250 | _a5th ed. | ||
| 260 |
_aNew York: _bMcGrawHill _c2011 |
||
| 300 | _axiv, 290 pages | ||
| 500 | _aIncludes Bibliography, and Index | ||
| 999 |
_c363855 _d363855 |
||